000 00380nam a2200145Ia 4500
008 230711s9999||||xx |||||||||||||| ||und||
041 _aENG
082 _a677
_bGR-W
100 _aGrosicki,Z
245 0 _aWatson's textile design and colour
250 _a1st Ed.
260 _c1988
_aNew Delhi
_bCBS Publishers & Distributors Pvt.Ltd
650 _aTextile Engineering
942 _cBK
999 _c3624
_d3624